The rich nation and the poor nation

Сохранить в:
Библиографические подробности
Главный автор: Barbara Ward
Формат:
Язык:Undetermined
Опубликовано: New York Norton and Co 1962
Предметы:
Метки: Добавить метку
Нет меток, Требуется 1-ая метка записи!
Thư viện lưu trữ: Trung tâm Học liệu Trường Đại học Cần Thơ
LEADER 00518nam a2200181Ia 4500
001 CTU_5717
008 210402s9999 xx 000 0 und d
082 |a 330.9 
082 |b W256 
100 |a Barbara Ward 
245 4 |a The rich nation and the poor nation 
245 0 |c Barbara Ward 
260 |a New York 
260 |b Norton and Co 
260 |c 1962 
650 |a economic conditions,economic geography 
904 |i Nguyễn Quang Điền, 960727 
980 |a Trung tâm Học liệu Trường Đại học Cần Thơ